| 000 | 00459nam a22001577a 4500 | ||
|---|---|---|---|
| 003 | LC | ||
| 005 | 20170213143332.0 | ||
| 008 | 161210b xxu||||| |||| 00| 0 eng d | ||
| 050 | _aQD 31.3 C52 2011 | ||
| 100 | _aChew, Adeline | ||
| 245 |
_aO level Distinction for Chemistry _cAdeline Chew |
||
| 260 |
_aSingapore : _bEducational Publishing House Pte Ltd, _c2011 |
||
| 300 |
_a394 pages _c26 cm. |
||
| 650 |
_aChemistry _xstudy and teaching |
||
| 942 |
_2lcc _cBK |
||
| 999 |
_c305366 _d305366 |
||